• 首页
  • 本馆介绍
  • 公告通知
  • 最新文献
  • 馆藏检索
  • 电子资源
  • 读者导购
  • 参考咨询
  • 我的图书馆
  • 登录
  • 详细信息显示
  • 放入我的书架
  • 预约/预借图书
  • 作者相关作品
  • 分类相关作品
  • 丛书相关作品
  • 出版社相关作品

书目信息

  • 表格格式
  • 工作单格式
  • 卡片格式
题名:
“一带一路”国家语言状况与语言政策
    
 
作者: 王辉 主编
分册: 第二卷  
出版信息: 北京   社会科学文献出版社  2017.06
页数: 299页
开本: 24cm
丛书名: “一带一路”上的语言系列丛书
单 册:
中图分类: H002
科图分类:
主题词: 语言政策--概况--世界
电子资源:
ISBN: 978-7-5201-0960-4
000 01311oam2 2200289 450
001 0120172239609
005 20170908104748.50
010    @a978-7-5201-0960-4@dCNY89.00
100    @a20170713d2017 em y0chiy50 ea
101 0  @achi@eeng
102    @aCN@b110000
105    @afk z 000yy
106    @ar
200 1  @a“一带一路”国家语言状况与语言政策@9“ yi dai yi lu ” guo jia yu yan zhuang kuang yu yu yan zheng ce@h第二卷@dThe language situation and language policy in the “belt and road” countries@hVolume 2@f王辉主编@zeng
210    @a北京@c社会科学文献出版社@d2017.06
215    @a299页@c图版@d24cm
225 2  @a“一带一路”上的语言系列丛书
300    @a本书为国家语委“一带一路”专项科研课题 “一带一路国家语言状况与语言政策”系列丛书 (项目编号:WT125-87)研究成果之一
330    @a本书主要分为亚洲国家语言状况与语言政策、欧洲国家语言状况与语言政策和非洲国家语言状况与语言政策三部分,主要包括:阿塞拜疆、哈萨克斯坦、黎巴嫩、缅甸、文莱等。
333    @a语言政策研究人员
461  0 @12001 @a“一带一路”上的语言系列丛书
510 1  @aLanguage situation and language policy in the “belt and road” countries@hVolume 2@zeng
606 0  @a语言政策@x概况@y世界
690    @aH002@v5
701  0 @a王辉@9wang hui@4主编
801  0 @aCN@b人天书店@c20170713
905    @b997136-41@dH002@e246:2@f6
    
    “一带一路”国家语言状况与语言政策.第二卷=The language situation and language policy in the “belt and road” countries.Volume 2/王辉主编.-北京:社会科学文献出版社,2017.06
    299页:图版;24cm.-(“一带一路”上的语言系列丛书)
    本书为国家语委“一带一路”专项科研课题 “一带一路国家语言状况与语言政策”系列丛书 (项目编号:WT125-87)研究成果之一.-使用对象:语言政策研究人员
    
    ISBN 978-7-5201-0960-4:CNY89.00
    本书主要分为亚洲国家语言状况与语言政策、欧洲国家语言状况与语言政策和非洲国家语言状况与语言政策三部分,主要包括:阿塞拜疆、哈萨克斯坦、黎巴嫩、缅甸、文莱等。
●
相关链接 在E读中查询图书 在五车中查询图书 在当当中查询图书 在豆瓣中查询图书


正题名:"一带一路"国家语言状况与语言政策     索取号:H002/246:2         预约/预借

序号 登录号 条形码 馆藏地/架位号 状态 备注
1 997136   209971360   第二样本阅览室/ [索取号:H002/246:2] 在馆    
2 997137   209971379   密集书库-文学院/ [索取号:H002/246:2] 在馆    
3 997138   209971388   第四借阅区/ [索取号:H002/246:2] 在馆    
4 997139   209971397   第四借阅区/ [索取号:H002/246:2] 在馆    
5 997140   209971404   第四借阅区/ [索取号:H002/246:2] 在馆    
6 997141   209971413   第四借阅区/ [索取号:H002/246:2] 在馆    
唐山师范学院图书馆 欢迎您!
大连网信软件有限公司© 版权所有